000
00270nam a22001217a 4500
008
171031b xxu||||| |||| 00| 0 eng d
041
_a
eng
080
_a
33
100
_a
58
101
_a
BUS
245
_a
CONCEPTS FOR CORPORATE STRATEGY
_c
BONGE, J.W
942
_2
udc
_c
BK
999
_c
36626
_d
36626